Угадай аниме по кадру №6 - Statistics

General Stats
  • This quiz has been taken 17 times
  • The average score is 8 of 20
Answer Stats
Picture Answer % Correct
"Очень приятно, Бог" / "Kamisama Kiss"
73%
"Синий экзорцист" / "Blue Exorcist"
60%
"Врата Штейна" / "Steins;Gate"
60%
"Выдающиеся звери" / "Beastars"
53%
"Самурай Чамплу" / "Samurai Champloo"
53%
"Приоритет чудо-яйца" / "Wonder Egg Priority"
53%
"Пираты чёрной лагуны" / "Black Lagoon"
47%
"Да, я - Сакамото, а что?" / "Haven't You Heard? I'm Sakamoto"
47%
"91 день" / "91 days"
40%
"Вольный стиль" / "Free!"
40%
"Люпен III" / "Lupin III"
40%
"Девушка, что видит это" / "The Girl Who Can See"
40%
"Пустынная крыса" / "Desert Punk"
33%
"Радуга - семеро из шестой камеры" / "Rainbow: Nisha Rokubou no Shichinin"
33%
"Санда" / "Sanda"
33%
"Милый дом Ти" / "Chi's Sweet Home"
27%
"Промар" / "Promare"
27%
"Рейтинг короля" / "Ranking of Kings"
27%
"Сказ о четырёх с половиной татами" / "The Tatami Galaxy"
27%
"Хроники Валькирии" / "Valkyria Chronicles"
27%
No matching quizzes found
Score Distribution
Percent of People with Each Score
Percentile by Number Answered
Your Score History
You have not taken this quiz